Jisr ḥarbī /

Saved in:

Corporate Author: Iraq. Mudīrīyat al-Āthār al-Qadīmah al-ʻĀmmah.

Format: Book

Language: Arabic

Published: Baghdad : Maṭbaʻat al-Ḥukūmah, 1935.

Subjects:

Tags: Add Tag

No Tags, Be the first to tag this record!

Call Number: ( R )DS51 .H3 1935

LEADER 00902nam a2200241Ia 4500
003 OSt
005 20260602134507.0
008 130303s1935 iq f 000 0 ara d
040 |c ARCE Library 
043 |a a-iq--- 
050 4 |a ( R )DS51 .H3 1935 
110 1 |6 880-01  |a Iraq.  |b Mudīrīyat al-Āthār al-Qadīmah al-ʻĀmmah. 
245 1 0 |6 880-02  |a Jisr ḥarbī /   |c al-Āthār al-Qadīmah. 
264 1 |a Baghdad :  |b Maṭbaʻat al-Ḥukūmah,  |c 1935. 
300 |a 7 Pages, 20 plates ;   |c 17 cm. 
650 0 |a Inscriptions, Arabic  |z Iraq. 
651 0 |a Jisr al-Mustanṣir (Iraq) 
651 0 |a Iraq  |x Antiquities. 
880 1 |6 110-01/(3/r  |a العراق.   |b مديرية الآثار القديمة العامة 
880 1 0 |6 245-02/(3/r  |a جسر حربى   |c الآثار القديمة.‪‪‪‪‪‪‪‪‪‪‪‪‪‪‪‪‪‪‪‪‪ 
901 |a reviewed 
942 |c BK  |2 lcc 
999 |c 28910  |d 28910